Global citizen action / (Record no. 58346)
[ view plain ]
| 000 -LEADER | |
|---|---|
| fixed length control field | 00798nam a2200265 a 4500 |
| 001 - CONTROL NUMBER | |
| control field | 58346 |
| 003 - CONTROL NUMBER IDENTIFIER | |
| rucl marc code | BD-RjUL |
| 005 - DATE AND TIME OF LATEST TRANSACTION | |
| control field | 20211209080618.0 |
| 008 - FIXED-LENGTH DATA ELEMENTS--GENERAL INFORMATION | |
| fixed length control field | 161218s2001 enk 001 0 eng d |
| 020 ## - INTERNATIONAL STANDARD BOOK NUMBER | |
| International Standard Book Number | 1853838330 |
| International Standard Book Number | 1853838349 (pbk.) |
| 035 ## - SYSTEM CONTROL NUMBER | |
| System control number | (BD-RjUL)58470 |
| 040 ## - CATALOGING SOURCE | |
| Original cataloging agency | BDS |
| Language of cataloging | eng |
| Transcribing agency | BD-RjUL |
| 041 ## - LANGUAGE CODE | |
| Language code of text/sound track or separate title | eng |
| 082 0# - DEWEY DECIMAL CLASSIFICATION NUMBER | |
| Classification number | 323.042 |
| Edition number | 23 |
| Author mark and year | GLO 2001 |
| 245 00 - TITLE STATEMENT | |
| Title | Global citizen action / |
| Statement of responsibility, etc. | edited by Michael Edwards, John Gaventa. |
| 260 ## - PUBLICATION, DISTRIBUTION, ETC. (IMPRINT) | |
| Place of publication, distribution, etc. | London : |
| Name of publisher, distributor, etc. | Earthscan, |
| Date of publication, distribution, etc. | 2001. |
| 300 ## - PHYSICAL DESCRIPTION | |
| Pagination | vii, 328 p. ; |
| Size | 24 cm. |
| 504 ## - BIBLIOGRAPHY, ETC. NOTE | |
| Bibliography, etc | Includes bibliographical references and index. |
| 650 #0 - SUBJECT ADDED ENTRY--TOPICAL TERM | |
| Topical term or geographic name as entry element | Civil participation |
| 9 (RLIN) | 173297 |
| Topical term or geographic name as entry element | Political participation. |
| 9 (RLIN) | 173298 |
| 700 1# - ADDED ENTRY--PERSONAL NAME | |
| Personal name | Edwards, Michael, |
| Dates associated with a name | 1957- |
| Personal name | Gaventa, John, |
| Dates associated with a name | 1949- |
| 942 ## - ADDED ENTRY ELEMENTS (KOHA) | |
| Source of classification or shelving scheme | Dewey Decimal Classification |
| Koha item type | Books |
| Lost status | Source of classification or shelving scheme | Damaged status | Not for loan | Collection code | Permanent Location | Current Location | Shelving location | Date acquired | Source of acquisition | Cost, normal purchase price | Total Checkouts | Full call number | Date last seen | Copy number | Koha item type |
|---|---|---|---|---|---|---|---|---|---|---|---|---|---|---|---|
| Dewey Decimal Classification | Not For Loan | Non-fiction | Central Library, University of Rajshahi | Central Library, University of Rajshahi | Reading Room | 28/09/2010 | Dhaka,Paragon Enterprise Lit., | 127.50 | 323.042 GLO 2001 | 18/12/2016 | C-1 | Books |